[Event "TUR-chT 1st League"]
[Site "Konya"]
[Date "2019.07.26"]
[Round "7.8"]
[White "Erdogan, Hakan"]
[Black "Ermis, Mehmet Eren"]
[Result "1-0"]
[WhiteElo "2089"]
[BlackElo "1961"]
[PlyCount "107"]
[EventDate "2019.07.22"]
[EventType "team-swiss"]
[EventRounds "9"]
[EventCountry "TUR"]
[SourceTitle "CBM 191 Extra"]
[Source "ChessBase"]
[SourceDate "2019.09.30"]
[SourceVersion "1"]
[SourceVersionDate "2019.09.30"]
[SourceQuality "1"]
[WhiteTeam "Istanbul Teknik Uni"]
[BlackTeam "Burdurspor Dernegi"]
[WhiteTeamCountry "TUR"]
[BlackTeamCountry "TUR"]

1. d4 Nf6 2. c4 e6 3. Nc3 Bb4 4. e3 b6 5. Bd3 Bb7 6. f3 c5 7. Nge2 cxd4 8. exd4 d5 9. 0-0 0-0 10. a3 Be7 11. Bf4 Nbd7 12. Rc1 dxc4 13. Bxc4 a6 14. b4 b5 15. Bb3 Rc8 16. Qd3 Nb6 17. Ne4 Nbd5 18. Bg3 Qb6 19. Nc5 Ba8 20. Be1 Rfd8 21. g4 Qa7 22. Bg3 Bc6 23. Qd2 Nd7 24. Ne4 Nf8 25. Nc5 h6 26. h4 Qa8 27. g5 hxg5 28. hxg5 Bd6 29. Bxd6 Rxd6 30. Ng3 Rdd8 31. f4 Ne7 32. f5 exf5 33. Nxf5 Nxf5 34. Rxf5 Bd5 35. Bc2 Ne6 36. g6 fxg6 37. Rxd5 Rxd5 38. Nxe6 Rh5 39. Qg2 Qxg2+ 40. Kxg2 Rc3 41. Nc5 Rg5+ 42. Kf2 Rgg3 43. Ne4 Rgf3+ 44. Kg2 Rxa3 45. Rd1 Rf4 46. Rd2 Kf8 47. d5 Re3 48. d6 Ke8 49. Nc5 Kd8 50. d7 Rf8 51. Nb7+ Kc7 52. d8Q+ Rxd8 53. Nxd8 Kb6 54. Kf2 1-0

[Event "TUR-chT 1st League"]
[Site "Konya"]
[Date "2019.07.25"]
[Round "5.6"]
[White "Yelligedik, Murat"]
[Black "Ermis, Mehmet Eren"]
[Result "1/2-1/2"]
[WhiteElo "1974"]
[BlackElo "1961"]
[PlyCount "60"]
[EventDate "2019.07.22"]
[EventType "team-swiss"]
[EventRounds "9"]
[EventCountry "TUR"]
[SourceTitle "CBM 191 Extra"]
[Source "ChessBase"]
[SourceDate "2019.09.30"]
[SourceVersion "1"]
[SourceVersionDate "2019.09.30"]
[SourceQuality "1"]
[WhiteTeam "Olbia Satranc"]
[BlackTeam "Burdurspor Dernegi"]
[WhiteTeamCountry "TUR"]
[BlackTeamCountry "TUR"]

1. d4 Nf6 2. Bf4 c5 3. e3 e6 4. Nf3 Be7 5. h3 Nc6 6. Nbd2 d5 7. c3 cxd4 8. exd4 Bd6 9. Bxd6 Qxd6 10. Bd3 h6 11. 0-0 0-0 12. Qe2 Nh5 13. Qe3 f5 14. Rfe1 Nf6 15. Rad1 Ne4 16. Ne5 Nxe5 17. dxe5 Qe7 18. Bxe4 fxe4 19. f3 exf3 20. Nxf3 Bd7 21. Nd4 Be8 22. Qg3 Bh5 23. Rd2 Kh7 24. Rf1 Rxf1+ 25. Kxf1 a6 26. Rf2 Re8 27. h4 b5 28. Qf4 Qc7 29. Kg1 Bg6 30. g4 h5 1/2-1/2

[Event "TUR-chT 1st League"]
[Site "Konya"]
[Date "2019.07.24"]
[Round "4.5"]
[White "Oksuz, Akin"]
[Black "Ermis, Mehmet Eren"]
[Result "1-0"]
[WhiteElo "2183"]
[BlackElo "1961"]
[PlyCount "113"]
[EventDate "2019.07.22"]
[EventType "team-swiss"]
[EventRounds "9"]
[EventCountry "TUR"]
[SourceTitle "CBM 191 Extra"]
[Source "ChessBase"]
[SourceDate "2019.09.30"]
[SourceVersion "1"]
[SourceVersionDate "2019.09.30"]
[SourceQuality "1"]
[WhiteTeam "Genc Akademisyenler"]
[BlackTeam "Burdurspor Dernegi"]
[WhiteTeamCountry "TUR"]
[BlackTeamCountry "TUR"]

1. d4 Nf6 2. Nf3 e6 3. e3 c5 4. Bd3 d5 5. b3 Nc6 6. 0-0 Bd6 7. dxc5 Bxc5 8. Bb2 0-0 9. a3 Qe7 10. b4 Bd6 11. Nbd2 e5 12. c4 e4 13. Bxf6 gxf6 14. cxd5 exf3 15. dxc6 fxg2 16. Kxg2 f5 17. Qh5 Kh8 18. Kh1 Be5 19. Rad1 Qf6 20. cxb7 Bxb7+ 21. f3 Bc8 22. Rg1 Be6 23. f4 Bc3 24. Nf3 Bd5 25. Rdf1 Rg8 26. Qxf5 Qxf5 27. Bxf5 Rge8 28. e4 Bxe4 29. Bxe4 Rxe4 30. Ng5 Re7 31. Rf3 Bf6 32. Nxh7 Bd4 33. Rd1 Kxh7 34. Rxd4 Kg6 35. Kg2 Rc8 36. Rd2 Rc4 37. Kg3 Kf5 38. Rd5+ Kf6 39. Kg4 Re2 40. h4 Rg2+ 41. Rg3 Rxg3+ 42. Kxg3 Rc3+ 43. Kg4 Rxa3 44. h5 Ra1 45. Rd6+ Kg7 46. Kf5 Rh1 47. Kg4 Rg1+ 48. Kf3 Rb1 49. Rd4 Rh1 50. Rd5 a6 51. Ke4 Rb1 52. Rd4 Rh1 53. Rd6 Rxh5 54. Rxa6 Rb5 55. Ra4 Kg6 56. Kd4 Kf5 57. Ra5 1-0

[Event "Kesan op 16th"]
[Site "Kesan"]
[Date "2018.08.17"]
[Round "9"]
[White "Darban Vaighani, Morteza"]
[Black "Ermis, Mehmet Eren"]
[Result "1-0"]
[WhiteElo "2331"]
[BlackElo "1925"]
[PlyCount "164"]
[EventDate "2018.08.12"]
[EventType "swiss"]
[EventRounds "9"]
[EventCountry "TUR"]
[SourceTitle "CBM 186 Extra"]
[Source "ChessBase"]
[SourceDate "2018.08.24"]
[SourceVersion "1"]
[SourceVersionDate "2018.08.24"]
[SourceQuality "1"]

1. g3 e5 2. Bg2 Nf6 3. d3 Nc6 4. Nf3 Bc5 5. 0-0 d6 6. Nc3 a6 7. Bg5 h6 8. Bxf6 Qxf6 9. Ne4 Qe7 10. Nxc5 dxc5 11. c3 0-0 12. Qa4 Bd7 13. Qh4 Rfe8 14. Qxe7 Rxe7 15. Nd2 Rd8 16. Nc4 Ree8 17. a3 Rb8 18. b4 cxb4 19. axb4 Kf8 20. Rfd1 f6 21. Kf1 g6 22. Rd2 Red8 23. Rb2 Be8 24. Rab1 Na7 25. Na5 c6 26. c4 Ke7 27. Nb3 Nc8 28. f4 exf4 29. gxf4 Nd6 30. Kf2 g5 31. c5 Nb5 32. Rc1 Bf7 33. Na5 Kd7 34. Rf1 Rf8 35. Ke1 Be6 36. e3 Kc7 37. Rbf2 g4 38. f5 Bf7 39. Rf4 h5 40. Kd2 Rbe8 41. Nc4 Bxc4 42. Rxc4 Re5 43. Re4 Rxe4 44. Bxe4 Kd7 45. d4 Nc7 46. Bh1 Nd5 47. Rb1 Rg8 48. e4 Nc7 49. Rg1 Ke7 50. Ke3 Nb5 51. d5 cxd5 52. exd5 Kd7 53. d6 Re8+ 54. Kd3 b6 55. Ra1 bxc5 56. bxc5 Rc8 57. c6+ Kxd6 58. Rxa6 Nc7 59. Ra4 Ke5 60. Be4 Rd8+ 61. Ke3 Nd5+ 62. Bxd5 Rxd5 63. c7 Rc5 64. Ra5 Rxa5 65. c8Q Ra3+ 66. Ke2 Ra2+ 67. Kd3 Ra3+ 68. Kc4 Kf4 69. Qc7+ Kg5 70. Qh7 Kh4 71. Qh6 Rf3 72. Qxf6+ Kh3 73. Qg5 h4 74. f6 Rf2 75. Kd3 Rxh2 76. Qe3+ Kg2 77. f7 Rh3 78. f8Q Rxe3+ 79. Kxe3 g3 80. Qf3+ Kh2 81. Qg4 h3 82. Kf3 g2 1-0

[Event "Kesan op 16th"]
[Site "Kesan"]
[Date "2018.08.16"]
[Round "8"]
[White "Ermis, Mehmet Eren"]
[Black "Kazimova, Narmin Nizami Qizi"]
[Result "1/2-1/2"]
[WhiteElo "1925"]
[BlackElo "2270"]
[PlyCount "90"]
[EventDate "2018.08.12"]
[EventType "swiss"]
[EventRounds "9"]
[EventCountry "TUR"]
[SourceTitle "CBM 186 Extra"]
[Source "ChessBase"]
[SourceDate "2018.08.24"]
[SourceVersion "1"]
[SourceVersionDate "2018.08.24"]
[SourceQuality "1"]

1. d4 Nf6 2. Bf4 e6 3. e3 c5 4. Nf3 Nc6 5. c3 d5 6. Nbd2 Bd6 7. Bg3 0-0 8. Bd3 h6 9. 0-0 b6 10. Qe2 Bb7 11. e4 Bxg3 12. hxg3 cxd4 13. e5 dxc3 14. exf6 cxd2 15. fxg7 Kxg7 16. Qxd2 Qf6 17. Rfe1 e5 18. Bb5 e4 19. Bxc6 Bxc6 20. Nd4 Bd7 21. Ne2 Be6 22. Nd4 Rac8 23. Rac1 Kh7 24. Rxc8 Rxc8 25. b3 Bd7 26. Re3 Qd6 27. Ne2 Qe5 28. Nd4 a5 29. Rc3 Rc5 30. a3 Qc7 31. Ne2 Be6 32. b4 Rxc3 33. Nxc3 Qc4 34. Ne2 Qd3 35. Qb2 a4 36. Nd4 Bg4 37. Kh2 Bd7 38. Kg1 Kg6 39. Ne2 Kh7 40. Qf6 Be6 41. Nf4 Qd1+ 42. Kh2 d4 43. Nxe6 Qh5+ 44. Kg1 Qd1+ 45. Kh2 Qh5+ 1/2-1/2

[Event "Kesan op 16th"]
[Site "Kesan"]
[Date "2018.08.15"]
[Round "6"]
[White "Ermis, Mehmet Eren"]
[Black "Eminov, Orkhan"]
[Result "0-1"]
[WhiteElo "1925"]
[BlackElo "2272"]
[PlyCount "138"]
[EventDate "2018.08.12"]
[EventType "swiss"]
[EventRounds "9"]
[EventCountry "TUR"]
[SourceTitle "CBM 186 Extra"]
[Source "ChessBase"]
[SourceDate "2018.08.24"]
[SourceVersion "1"]
[SourceVersionDate "2018.08.24"]
[SourceQuality "1"]

1. d4 Nf6 2. Bf4 c5 3. e3 g6 4. Nf3 Bg7 5. Nbd2 cxd4 6. exd4 d6 7. c3 Nbd7 8. Bc4 0-0 9. 0-0 Nb6 10. Bb3 Nbd5 11. Bg3 b5 12. Qe2 a6 13. Rfe1 Bb7 14. a4 Qd7 15. Nf1 Rfe8 16. Ne3 e6 17. Nd2 Nxe3 18. Qxe3 Nh5 19. axb5 Nxg3 20. hxg3 axb5 21. Rxa8 Rxa8 22. Nf3 Bxf3 23. gxf3 d5 24. Rb1 Qd6 25. Qe1 b4 26. Qd2 Rc8 27. Bd1 h5 28. Kg2 Qa6 29. Rc1 Qb6 30. Be2 Bf6 31. f4 Kg7 32. Bf3 Qd6 33. Ra1 Qc7 34. Rc1 Be7 35. f5 gxf5 36. Bxh5 Bf6 37. Be2 bxc3 38. bxc3 Qa5 39. Qe3 Qa3 40. Qd2 Kg8 41. Rc2 Qb3 42. Rc1 Kf8 43. Bd3 Qa3 44. Rc2 Qa5 45. Kf3 Qd8 46. Kg2 Kg7 47. Rc1 Bg5 48. f4 Bf6 49. Rc2 Qa5 50. Kf3 Qa1 51. Rc1 Qa3 52. Rc2 Bd8 53. Qe1 Qb3 54. Rc1 Bf6 55. Kg2 Ra8 56. Qd2 Ra3 57. Be2 Ra2 58. Qe3 Qb2 59. Re1 Kg8 60. Kf3 Ra3 61. Rd1 Rxc3 62. Rd3 Rc2 63. Rd1 Qb4 64. Kf2 Ra2 65. Kf3 Ra3 66. Rd3 Bxd4 67. Qc1 Ra2 68. Qd1 Ba7 69. Qb3 Qe4# 0-1

[Event "TUR Cup										"]
[Site "Antalya"]
[Date "2018.01.28"]
[Round "3"]
[White "Ermis, Mehmet Eren"]
[Black "Antel, Umit"]
[Result "1-0"]
[WhiteElo "1917"]
[BlackElo "1744"]
[PlyCount "63"]
[EventDate "2018.01.27"]
[EventType "swiss"]
[EventRounds "11"]
[EventCountry "TUR"]
[SourceTitle "CBM 182 Extra"]
[Source "ChessBase"]
[SourceDate "2018.02.23"]
[SourceVersion "1"]
[SourceVersionDate "2018.02.23"]
[SourceQuality "1"]

1. e4 c6 2. d4 d5 3. e5 c5 4. dxc5 e6 5. Be3 Qc7 6. Nf3 Bxc5 7. Bxc5 Qxc5 8. Nc3 Bd7 9. Qd2 h6 10. 0-0-0 Ne7 11. Kb1 b5 12. Qd4 Qxd4 13. Nxd4 a6 14. f4 0-0 15. g3 b4 16. Nce2 Rc8 17. Bg2 Nbc6 18. Rhe1 Na5 19. f5 Nc4 20. fxe6 Bxe6 21. Nxe6 fxe6 22. Nd4 Rab8 23. Nxe6 Rb5 24. Nf4 Rd8 25. Bf1 Rc8 26. Rd4 Rbc5 27. Nxd5 Nd2+ 28. Rxd2 Nxd5 29. Bxa6 R8c7 30. Bc4 Rxc4 31. Rxd5 Rxc2 32. e6 1-0

[Event "TUR-chT2"]
[Site "Konya"]
[Date "2014.06.28"]
[Round "8.2"]
[White "Ersahin, Bulent"]
[Black "Ermis, Mehmet Eren"]
[Result "1-0"]
[WhiteElo "2196"]
[BlackElo "1893"]
[PlyCount "63"]
[EventDate "2014.06.23"]
[EventType "team-swiss"]
[EventRounds "9"]
[EventCountry "TUR"]
[SourceTitle "CBM 161 Extra"]
[Source "ChessBase"]
[SourceDate "2014.08.29"]
[SourceVersion "1"]
[SourceVersionDate "2014.08.29"]
[SourceQuality "1"]
[WhiteTeam "Kocaeli"]
[BlackTeam "Samandag Altin"]
[WhiteTeamCountry "TUR"]
[BlackTeamCountry "TUR"]

1. d4 Nf6 2. Nf3 g6 3. g3 Bg7 4. Bg2 d5 5. c4 dxc4 6. 0-0 0-0 7. Na3 c3 8. bxc3 c5 9. Nc4 Be6 10. Nce5 Bd5 11. e3 Nc6 12. Nd3 Ne4 13. Bb2 cxd4 14. cxd4 Nd6 15. Qe2 Rc8 16. Rfc1 b6 17. Nf4 Be4 18. Bh3 Bf5 19. Bf1 Re8 20. d5 Bxb2 21. Qxb2 Na5 22. Ba6 Rxc1+ 23. Rxc1 Ndb7 24. Nd4 Bd7 25. Bb5 Nc5 26. a4 Nxa4 27. Bxa4 e5 28. dxe6 fxe6 29. Bxd7 Qxd7 30. Nf3 Nb7 31. Ne5 Qd6 32. Qd4 1-0